Biology Quiz - Statistics

General Stats
  • This quiz has been taken 398 times
    393 since last reset
  • The average score is 13 of 30
Answer Stats
Hint/Question Answer % Correct
State one internal organ.
95%
Chromosomes that make a male. XY
93%
State one thing essential for (most) living organisms.
91%
The mitochondrion is the _ powerhouse of the cell
88%
Smallest biological component of our bodies. Cells
85%
What do red blood cells do? Carry oxygen
80%
Scientific name for humans. Homo sapiens
80%
Alternative name for cell division. Mitosis
73%
What cells send signals the brain? Neurons
73%
Number of bones in an adult male. 206
72%
What colour is the brain? Grey
66%
One of the two animals tied for highest genetic similarity to humans.
63%
Name one taxonomic ranking.
51%
The amount of people documented that have said blood type. 50-100
46%
What is the cell nucleus? The control centre
39%
How many amino acid "letters" are there? 22
31%
Taxonomic kingdom of humans. Animalia
29%
How many ants are on the planet? 20 Quadrillion
27%
Part of the body that controls hemogenesis. Bone marrow
17%
Animal with the highest estimated lifespan (excluding brainless creatures). Greenland shark
17%
Unacronymise DNA Deoxyribonucleic acid
16%
What is the rarest blood type? Rh-null
12%
The cell type in the brain that is not neurons. Glial cells
7%
How many total cells are in the human brain? 171 Billion
5%
Maximum memory capacity of the brain in computer terms. 2.5 - 5.5 Petabytes
5%
Scientific name for the brain eating amoeba. Naegleria fowleri
5%
Largest single-celled organism. Caulerpa taxifolia
4%
Number of letters in the complete name for the protein titin. 189,819
3%
What is the name of the smartest bonobo? Kanzi
3%
Scientific name for the cat that was moved out of the genus Felis. Otocolobus manul
1%
No matching quizzes found
Score Distribution
Percent of People with Each Score
Percentile by Number Answered
Your Score History
You have not taken this quiz since the last reset